Lernziel Deutsch (Record no. 10958)

MARC details
000 -LEADER
fixed length control field 00263nam a22000977a 4500
008 - FIXED-LENGTH DATA ELEMENTS--GENERAL INFORMATION
fixed length control field 180702b ||||| |||| 00| 0 eng d
020 ## - INTERNATIONAL STANDARD BOOK NUMBER
International Standard Book Number 31900139616
100 ## - MAIN ENTRY--PERSONAL NAME
Personal name Hieber, wolfgang
9 (RLIN) 6761
245 ## - TITLE STATEMENT
Title Lernziel Deutsch
Remainder of title Deutsch als fremdsprache
260 ## - PUBLICATION, DISTRIBUTION, ETC. (IMPRINT)
Place of publication, distribution, etc. German
Date of publication, distribution, etc. 1998
Holdings
Withdrawn status Lost status Source of classification or shelving scheme Damaged status Koha normalized classification for sorting Not for loan Home library Current library Shelving location Date acquired Total Checkouts Full call number Barcode Date last seen Price effective from Koha item type
    Dewey Decimal Classification   HIE_430_000000000000000_B6   Good Samaritan School Library Good Samaritan School Library German 07/02/2018   HIE430 B-6 HIE3318 07/02/2018 07/02/2018 Reference

Powered by Koha